RRRrrrr ou La Tour Montparnasse Infernale - Statistiques

Statistiques générales
  • Ce quiz a été pris 234 fois
  • Le résultat moyen est 49 sur 60
Statistiques - réponses
Question Tuile Select % Correct
"Arrêtez ! Ou je tire une balle dans la tête à la main !" La Tour Montparnasse Infernale Oui
96%
"Arrêtez ! Ou je tire une balle dans la tête à la main !" RRRrrrr Non
96%
"Ouah, ça fait comme des pizzas quatre-chaussures !" La Tour Montparnasse Infernale Oui
95%
"Petit jésus, dieu des arabes, dieu des italiens, donne moi la force de sauver Marie-Joëlle !" La Tour Montparnasse Infernale Oui
95%
"Tu m'auras pas comme ça Sangokaï. J'annonce, coup de pied latéral en pleine face." La Tour Montparnasse Infernale Oui
95%
"Petit jésus, dieu des arabes, dieu des italiens, donne moi la force de sauver Marie-Joëlle !" RRRrrrr Non
95%
"Tu m'auras pas comme ça Sangokaï. J'annonce, coup de pied latéral en pleine face." RRRrrrr Non
95%
"Une fois, j'me suis couché à minuit dix. Bonjour comment j'étais fatigué après !" La Tour Montparnasse Infernale Oui
94%
"Bonne chasse et pêche et que la viande coule à flot!" RRRrrrr Oui
94%
"-Si c'est pas un animal qui l'a tué c'est peut-être un végétal? Un végétal..." La Tour Montparnasse Infernale Non
93%
"-Je viens de tout au bout de la terre, la où les gens tombent! -Oui j'en ai entendu parler" La Tour Montparnasse Infernale Non
93%
"Bonne chasse et pêche et que la viande coule à flot!" La Tour Montparnasse Infernale Non
93%
"Ouah, ça fait comme des pizzas quatre-chaussures !" RRRrrrr Non
93%
"-Si c'est pas un animal qui l'a tué c'est peut-être un végétal? Un végétal..." RRRrrrr Oui
93%
"Une fois, j'me suis couché à minuit dix. Bonjour comment j'étais fatigué après !" RRRrrrr Non
93%
"-Je viens de tout au bout de la terre, la où les gens tombent! -Oui j'en ai entendu parler" RRRrrrr Oui
93%
"Ouais ben vaut mieux être un petit breton qu'un grand tu l'auras ! Eh ouais! fallait pas me chercher!" La Tour Montparnasse Infernale Oui
92%
"Elle est morte de vieillesse... mais jeune." RRRrrrr Oui
92%
"Ouais ben vaut mieux être un petit breton qu'un grand tu l'auras ! Eh ouais! fallait pas me chercher!" RRRrrrr Non
92%
"Elle est morte de vieillesse... mais jeune." La Tour Montparnasse Infernale Non
91%
"T'as les boules, t'as les glandes, t'as les crottes de nez qui pendent !" La Tour Montparnasse Infernale Oui
90%
"Avant on marchait sur quatre pattes. Maintenant on marche sur deux pattes. Si ça se trouve, un jour on marchera sur zéro patte." La Tour Montparnasse Infernale Non
90%
"Avant on marchait sur quatre pattes. Maintenant on marche sur deux pattes. Si ça se trouve, un jour on marchera sur zéro patte." RRRrrrr Oui
90%
"T'as les boules, t'as les glandes, t'as les crottes de nez qui pendent !" RRRrrrr Non
89%
"- Des fois, t'as pas un peu envie de pas rien faire ? - Non. -Ouais pareil." La Tour Montparnasse Infernale Non
87%
"- Des fois, t'as pas un peu envie de pas rien faire ? - Non. -Ouais pareil." RRRrrrr Oui
87%
"Il faut se méfier des bombes... Comme on dit chez nous : "Para bailar la Bamba..." La Tour Montparnasse Infernale Oui
86%
"Il faut se méfier des bombes... Comme on dit chez nous : "Para bailar la Bamba..." RRRrrrr Non
86%
"- Je vais te réciter un court poème : " Le ciel ". - Oh c'est joli. - Ouais mais je suis pas trop sûr du début. - Oh si " le " c'est bien." La Tour Montparnasse Infernale Non
85%
"- Je vais te réciter un court poème : " Le ciel ". - Oh c'est joli. - Ouais mais je suis pas trop sûr du début. - Oh si " le " c'est bien." RRRrrrr Oui
85%
"J'ai toujours été frisé, mon grand père était frisé, mon père était frisé, mes enfants et mes petits enfants étaient frisés." RRRrrrr Oui
85%
"J'ai toujours été frisé, mon grand père était frisé, mon père était frisé, mes enfants et mes petits enfants étaient frisés." La Tour Montparnasse Infernale Non
84%
"- C'est quoi ton type à toi de femme à toi ? - Vivante." RRRrrrr Oui
84%
"On va l'accrocher à un fil invisible. Un fil invisible, c'est comme un homme invisible, mais en forme de fil." La Tour Montparnasse Infernale Oui
83%
"- C'est quoi ton type à toi de femme à toi ? - Vivante." La Tour Montparnasse Infernale Non
83%
"La truite remonte le ruisseau pas à pas!!!" RRRrrrr Oui
83%
"La truite remonte le ruisseau pas à pas!!!" La Tour Montparnasse Infernale Non
82%
"On va l'accrocher à un fil invisible. Un fil invisible, c'est comme un homme invisible, mais en forme de fil." RRRrrrr Non
82%
"-Tu veux une cloque? -Non merci j'ai arrêté" La Tour Montparnasse Infernale Non
81%
"-Tu veux une cloque? -Non merci j'ai arrêté" RRRrrrr Oui
81%
"- Celui qui dit qu'il l'a fait, je lui offre... un sandwich. - À quoi le sandwich ? - À la fraise." RRRrrrr Oui
80%
"- Celui qui dit qu'il l'a fait, je lui offre... un sandwich. - À quoi le sandwich ? - À la fraise." La Tour Montparnasse Infernale Non
79%
"-Tu le poses... et tu fais des poses!" RRRrrrr Oui
77%
"-Tu le poses... et tu fais des poses!" La Tour Montparnasse Infernale Non
75%
"Oh, c'est bon, y'a pas de quoi vermifuger un abribus." La Tour Montparnasse Infernale Oui
72%
"J'ai une idée ! Et si on changeait de place ?" La Tour Montparnasse Infernale Non
72%
"- Qu'est ce que tu attends mal ! j'ai jamais vu un mec attendre aussi mal. - Oh ben ça va avec ça maintenant !" La Tour Montparnasse Infernale Non
72%
" Tu es rapide, c'est bien, mais... es-tu résistant ?" La Tour Montparnasse Infernale Oui
72%
"Oh, c'est bon, y'a pas de quoi vermifuger un abribus." RRRrrrr Non
72%
"J'ai une idée ! Et si on changeait de place ?" RRRrrrr Oui
72%
"- Qu'est ce que tu attends mal ! j'ai jamais vu un mec attendre aussi mal. - Oh ben ça va avec ça maintenant !" RRRrrrr Oui
72%
" Tu es rapide, c'est bien, mais... es-tu résistant ?" RRRrrrr Non
70%
-"Arreteuh c'est un grain de beauté. Un grain de beauté ? Ça prouve la beauuuuuuté." RRRrrrr Oui
69%
-"Arreteuh c'est un grain de beauté. Un grain de beauté ? Ça prouve la beauuuuuuté." La Tour Montparnasse Infernale Non
66%
"- Alors on mange où ce soir ? - Ah ben j'sais pas j'te dirai demain. - Ah ok, d'accord." La Tour Montparnasse Infernale Oui
66%
"- Alors on mange où ce soir ? - Ah ben j'sais pas j'te dirai demain. - Ah ok, d'accord." RRRrrrr Non
66%
"C'est marrant ce que tu dis parce que c'est pas tellement marrant !" RRRrrrr Oui
42%
"C'est marrant ce que tu dis parce que c'est pas tellement marrant !" La Tour Montparnasse Infernale Non
41%
"Chauve et lâche, ça fait beaucoup pour un seul homme." La Tour Montparnasse Infernale Non
31%
"Chauve et lâche, ça fait beaucoup pour un seul homme." RRRrrrr Oui
31%
Aucun quiz correspondant
Distribution des résultats
% des personnes avec chaque résultat
Percentile par nombre de réponses
Votre historique - résultats
Vous n’avez pas pris ce quiz